Library of the University of Algiers 3
Ibrahim Sultan Cheibout
شعار جامعة الجزائر 3
مكتبة جامعة الجزائر 3
إبراهيم سلطان شيبوط

نحو نظرية لحماية الغير حسن النية المتعاملين مع الشركات التجارية : (رقم التسجيلة. 42331)

تفاصيل مارك
000 -LEADER
fixed length control field 01346nam a2200217Ia 4500
003 - CONTROL NUMBER IDENTIFIER
control field Ost
005 - DATE AND TIME OF LATEST TRANSACTION
control field 20260507075026.0
008 - FIXED-LENGTH DATA ELEMENTS--GENERAL INFORMATION
fixed length control field 260507s9999||||xx |||||||||||||| ||und||
040 ## - CATALOGING SOURCE
Transcribing agency fsecg
041 ## - LANGUAGE CODE
Language code of text/sound track or separate title ara
082 ## - DEWEY DECIMAL CLASSIFICATION NUMBER
Classification number 330
100 ## - MAIN ENTRY--PERSONAL NAME
Personal name سرحان، سعودي حسن
Relator term مؤلف
245 #0 - TITLE STATEMENT
Title نحو نظرية لحماية الغير حسن النية المتعاملين مع الشركات التجارية :
Remainder of title دراسة تحليلية، تأصيلية، مقارنة /
Statement of responsibility, etc. سعودي حسن سرحان
260 ## - PUBLICATION, DISTRIBUTION, ETC.
Place of publication, distribution, etc. القاهرة:
Name of publisher, distributor, etc. المتحدة للطباعة,
Date of publication, distribution, etc. 1999
300 ## - PHYSICAL DESCRIPTION
Extent 492 صفحة؛
Other physical details إيضاحات ؛
Dimensions 24 سم
520 ## - SUMMARY, ETC.
Summary, etc. التحليل القانوني لنظرية حماية الغير حسن النية المتعاملين مع الشركة- النظام القانوني لنظرية حماية الغير حسن النية المتعاملين مع الشركة- نشأة نظرية حماية الغير حسن نية المتعاملين مع الشركة- البيان القانوني لنظرية حماية الغير حسن النية المتعاملين مع الشركة- جوهر ومضمون نظرية حماية الغير حسن النية المتعاملين مع الشركة
653 ## - INDEX TERM--UNCONTROLLED
Uncontrolled term التجارة
653 ## - INDEX TERM--UNCONTROLLED
Uncontrolled term الشركات
653 ## - INDEX TERM--UNCONTROLLED
Uncontrolled term القانون
942 ## - ADDED ENTRY ELEMENTS (KOHA)
Koha item type كتب
المقتنيات
Withdrawn status Lost status Source of classification or shelving scheme Damaged status Not for loan Home library Current library Date acquired Serial enumeration / chronology Inventory number Total checkouts Full call number Barcode Date last seen Price effective from Koha item type
    Dewey Decimal Classification   NOT LOAN / إعارة داخلية مكتبة كلية العلوم الإقتصادية والعلوم التجارية وعلوم التسيير مكتبة كلية العلوم الإقتصادية والعلوم التجارية وعلوم التسيير 07/05/2026 الطابق الأرضي 180/1   أ/180ن1 180/1 07/05/2026 07/05/2026 كتب
    Dewey Decimal Classification   Available مكتبة كلية العلوم الإقتصادية والعلوم التجارية وعلوم التسيير مكتبة كلية العلوم الإقتصادية والعلوم التجارية وعلوم التسيير 07/05/2026 الطابق الأرضي 180/2   أ/180ن2 180/2 07/05/2026 07/05/2026 كتب
    Dewey Decimal Classification   Available مكتبة كلية العلوم الإقتصادية والعلوم التجارية وعلوم التسيير مكتبة كلية العلوم الإقتصادية والعلوم التجارية وعلوم التسيير 07/05/2026 الطابق الأرضي 180/3   أ/180ن3 180/3 07/05/2026 07/05/2026 كتب
    Dewey Decimal Classification   Available مكتبة كلية العلوم الإقتصادية والعلوم التجارية وعلوم التسيير مكتبة كلية العلوم الإقتصادية والعلوم التجارية وعلوم التسيير 07/05/2026 الطابق الثاني 180/4   أ/180ن4 180/4 07/05/2026 07/05/2026 كتب

موارد الويب المفتوحة


© University of Algiers 3 All Rights Reserved
|
Implemented by LECHELAH Riad